00713nam a22001817a 4500003000400000005001700004008004100021040001400062100003200076245011700108260000900225300002900234500010200263504003200365942001600397999001500413952010300428OSt20171010095509.0120813t xxu||||| |||| 00| 0 eng d aMMSUcULS aAgpaoa, Leonardo B. 912026 aCorrelates of implementation of the merit and fitness program in the Division of Laoag City cLeonardo B. Agpaoa c1999 axiv, 106 leaves c28 cm. aThesis (MA Public Administration) -- Mariano Marcos State University-Graduate School, Laoag City  aBibliography: leaves 73-74  2ddccTHEDIS c9705d9705 00102lcc4070aREFbREFd2012-08-13l0p136-Grr2017-10-10w2017-10-10yTHEDISzLibrary Use only